| 000 | 00632nam a2200205 i 4500 | ||
|---|---|---|---|
| 001 | 21808 | ||
| 003 | ES-MaACL | ||
| 005 | 20230906152540.0 | ||
| 007 | t| | ||
| 008 | 021127s1968 sp ||||1| spa d | ||
| 100 | 1 |
_aAlmansa Pastor, José Manuel. _920088 |
|
| 245 | 1 | 3 |
_aEl despido nulo / _cJosé Manuel Almansa Pastor. |
| 260 |
_aMadrid : _bTecnos, _c[1968] |
||
| 300 |
_a242 p. ; _c21 cm. |
||
| 490 | 1 | _aBiblioteca "Tecnos" de Estudios Juridicos | |
| 650 | 4 |
_aDespido nulo- _zEspaña. _9166091 |
|
| 830 | 0 |
_aBiblioteca "Tecnos" de Estudios Juridicos _9181636 |
|
| 852 |
_aES-MaACL _jC-34645 _bR.66973 |
||
| 999 |
_c21808 _d21808 |
||